| 000 | 00422nam a2200157Ia 4500 | ||
|---|---|---|---|
| 005 | 20240807062142.0 | ||
| 008 | 240806s9999||||xx |||||||||||||| ||eng|| | ||
| 041 | _aeng | ||
| 082 |
_a891.21009 _bBHAV |
||
| 100 | _aTripathi Dr. Brajbhooshan | ||
| 245 | 0 |
_aBhavbhooti ki kavya bhasha ka shaili / _cTripathi Dr. Brajbhooshan |
|
| 260 | _bSampuranand Varanashi | ||
| 300 | _a232 | ||
| 650 | _aGeneral Studies | ||
| 942 | _cBK | ||
| 999 |
_c10075 _d10075 |
||